| 000 | 00424nam a2200181Ia 4500 | ||
|---|---|---|---|
| 005 | 20240823041116.0 | ||
| 008 | 240823s9999||||xx |||||||||||||| ||und|| | ||
| 020 | _a81-7473-043-5 | ||
| 041 | _aENGLISH | ||
| 082 | _A823.912 P3 | ||
| 100 | _aForster E M | ||
| 245 | 2 | _aA passage to India | |
| 260 |
_c2003 _bAITBS Publishers |
||
| 500 | _aYES | ||
| 650 |
_apassage to India _bEnglish |
||
| 942 | _cBK | ||
| 999 |
_c204708 _d204708 |
||